| 000 | 02195cam a2200385 i 4500 | ||
|---|---|---|---|
| 999 |
_c974 _d974 |
||
| 001 | vtls001717134 | ||
| 003 | VRT | ||
| 005 | 20200122115856.0 | ||
| 008 | 160324t20112011dcuab j b 001 0 eng | ||
| 010 | _a2011-024327 | ||
| 020 |
_a9781426308444 _q(hardback) : |
||
| 020 |
_a1426308442 _q(hardback) |
||
| 035 | _a(OCoLC)ocn698332708 | ||
| 040 |
_aDLC _beng _erda _cDLC _dIG# _dBTCTA _dLIV _dUKMGB _dGSN _dVP@ _dXY4 _dYDXCP _dSINLB _dLF3 _dEHH _dBDX _dAU@ _dDMOPL _dQQ3 _dIUL _dOCLCF _dOCLCA _dCZL _dOCLCO _dWVX _dOCLCQ _dTKU |
||
| 042 | _anbic | ||
| 050 | 4 |
_aBL783 _b.N365 2011 |
|
| 082 | _a398.209 NAP | ||
| 100 | 1 |
_aNapoli, Donna Jo, _d1948- _eauthor. |
|
| 245 | 1 | 0 |
_aTreasury of Greek mythology : _bclassic stories of gods, goddesses, heroes & monsters / _cby Donna Jo Napoli ; illustrated by Christina Balit. |
| 246 | 3 | 0 | _aGreek mythology. |
| 260 | _c2011. | ||
| 264 | 1 |
_aWashington : _bNational Geographic Society, _c2011. |
|
| 264 | 4 | _c©2011. | |
| 300 |
_a191 pages : _bcolor illustrations, color maps ; _c31 cm. |
||
| 336 |
_atext _btxt _2rdacontent. |
||
| 337 |
_aunmediated _bn _2rdamedia. |
||
| 338 |
_avolume _bnc _2rdacarrier. |
||
| 504 | _aIncludes bibliographical references (pages 186-187) and index. | ||
| 505 | 0 | _aGaia, mother Earth -- Uranus, father heaven -- Cronus, Titan king -- Zeus, king of the gods -- Hestia, goddess of the hearth -- Poseidon, god of the seas -- Athena, goddess of wisdom -- Hades, god of the underworld -- Demeter, goddess of the harvest -- Apollo, god of music -- Artemis, goddess of the hunt -- Hera, goddess of marriage -- Hephaestus, god of metalworking -- Aphrodite, goddess of love and beauty -- Hermes, messenger of the gods -- Ares, god of war -- Helios, Sun god -- Selene, goddess of the Moon -- Dionysus, god of wine -- Perseus, the ill-fated hero -- Orion, the hunter -- Heracles, the hero who became immortal -- Jason, wanderer of the seas -- Theseus, the king of Athens -- Helen, the lethal beauty. | |
| 520 | _aAn introduction to some of the most prominent beings in the ancient Greek pantheon. | ||
| 521 | _aMiddle School. | ||
| 650 | 0 |
_aMythology, Greek _vJuvenile literature. |
|
| 700 | 1 |
_aBalit, Christina, _eillustrator. |
|
| 942 |
_2ddc _cNFIC |
||